00186 a2200073 450000100060000010000120000624500740001826000200009218997 aA S M E aInterments and Apparatus Measurements of Indicated Horse Power Part-8 abA S M Ec1960